<?xml version="1.0" encoding="UTF-8"?>
<record
    xmlns:xsi="http://www.w3.org/2001/XMLSchema-instance"
    xsi:schemaLocation="http://www.loc.gov/MARC21/slim http://www.loc.gov/standards/marcxml/schema/MARC21slim.xsd"
    xmlns="http://www.loc.gov/MARC21/slim">

  <leader>01939nas a2200277Ia 4500</leader>
  <controlfield tag="001">R050-S0916</controlfield>
  <controlfield tag="003">IT-CnALBA</controlfield>
  <controlfield tag="008">170116c99999999xx ||||||||||||   ||und||</controlfield>
  <datafield tag="040" ind1=" " ind2=" ">
    <subfield code="a">IT-CnALBA</subfield>
    <subfield code="c">IT-CnALBA</subfield>
  </datafield>
  <datafield tag="041" ind1=" " ind2=" ">
    <subfield code="a">ITALIANO</subfield>
  </datafield>
  <datafield tag="100" ind1=" " ind2=" ">
    <subfield code="a">SCOTTI PIERO</subfield>
  </datafield>
  <datafield tag="210" ind1=" " ind2=" ">
    <subfield code="a">RIVISTA GIOVANI</subfield>
  </datafield>
  <datafield tag="222" ind1=" " ind2=" ">
    <subfield code="a">RIVISTA GIOVANI</subfield>
  </datafield>
  <datafield tag="245" ind1=" " ind2="0">
    <subfield code="a">RIVISTA GIOVANI. GENNAIO DICEMBRE 1944. PER IL CRISTIANO D'OGGI. </subfield>
  </datafield>
  <datafield tag="250" ind1=" " ind2=" ">
    <subfield code="a">1a ed.</subfield>
  </datafield>
  <datafield tag="260" ind1=" " ind2=" ">
    <subfield code="a"> TO BO CT PA</subfield>
    <subfield code="b">SOCIET&#xC0; ED. INTER. </subfield>
    <subfield code="c">1944 [1&#xB0; Ed.:1944 - Ed.Ling.Originale: 1944]</subfield>
  </datafield>
  <datafield tag="300" ind1=" " ind2=" ">
    <subfield code="a">288 p. </subfield>
  </datafield>
  <datafield tag="310" ind1=" " ind2=" ">
    <subfield code="a">MENSILE</subfield>
  </datafield>
  <datafield tag="362" ind1=" " ind2=" ">
    <subfield code="a">Fascicolo: 1-12 / Anno: 25 (1944)</subfield>
  </datafield>
  <datafield tag="500" ind1=" " ind2=" ">
    <subfield code="a">UNIT&#xC0; SOMATICA DEL GENERE UMANO. DON BOSCO AD OROPA. SILVA R. IL SOLO CEMENTO DEL CRISTIANESIMO. VAILATI E. IL V CENTENARIO DEL TASSO. SORRISO NEL DOLORE. VECCHIO MISSIONARIO NELLA BUFERA. VIBERTI L. PINO CAVATORTA. VISETTI M. PASQUA BANCARI. VITTORIO, DA UN ROTTAME DI UN UOMO. RICOSTRUZIONE. S. ZENO. IL CREDO DEL DOLORE. UN SACERDOTE IN PI&#xD9;. SIGNORE FAMMI STRUMENTO DELLA TUA PACE. AVE MARIA. CROCIATA ESPIATORIA. FIGLIO PER LA SALVEZZA DEI GENITORI. MARIA SALUS POPULI ROMANI. IL PERICOLO NUMERO UNO. RASSEGNAZIONE E RIFORMA. AZIONE DI DIO. </subfield>
  </datafield>
  <datafield tag="501" ind1=" " ind2=" ">
    <subfield code="a">Societ&#xE0; San Paolo EM - Piazza San Paolo, 14 - 12051 ALBA (CN)  (non commercial uses only) &#xAE; Copyright 2017</subfield>
  </datafield>
  <datafield tag="520" ind1=" " ind2=" ">
    <subfield code="a">UNIT&#xC0; SOMATICA DEL GENERE UMANO. DON BOSCO AD OROPA. SILVA R. IL SOLO CEMENTO DEL CRISTIANESIMO. VAILATI E. IL V CENTENARIO DEL TASSO. SORRISO NEL DOLORE. VECCHIO MISSIONARIO NELLA BUFERA. VIBERTI L. PINO CAVATORTA. VISETTI M. PASQUA BANCARI. VITTORIO, DA UN ROTTAME DI UN UOMO. RICOSTRUZIONE. S. ZENO. IL CREDO DEL DOLORE. UN SACERDOTE IN PI&#xD9;. SIGNORE FAMMI STRUMENTO DELLA TUA PACE. AVE MARIA. CROCIATA ESPIATORIA. FIGLIO PER LA SALVEZZA DEI GENITORI. MARIA SALUS POPULI ROMANI. IL PERICOLO NUMERO UNO. RASSEGNAZIONE E RIFORMA. AZIONE DI DIO. </subfield>
  </datafield>
  <datafield tag="650" ind1=" " ind2=" ">
    <subfield code="a">CULTURA VITA CRISTIANA</subfield>
  </datafield>
  <datafield tag="942" ind1=" " ind2=" ">
    <subfield code="c">CR</subfield>
  </datafield>
  <datafield tag="957" ind1=" " ind2=" ">
    <subfield code="7">1</subfield>
  </datafield>
  <datafield tag="999" ind1=" " ind2=" ">
    <subfield code="a">62482</subfield>
    <subfield code="b">SI </subfield>
    <subfield code="g">1</subfield>
    <subfield code="c">329508</subfield>
    <subfield code="d">329508</subfield>
  </datafield>
  <datafield tag="952" ind1=" " ind2=" ">
    <subfield code="0">0</subfield>
    <subfield code="1">0</subfield>
    <subfield code="4">0</subfield>
    <subfield code="6">R_050S0916</subfield>
    <subfield code="7">1</subfield>
    <subfield code="a">ALBA</subfield>
    <subfield code="b">ALBA</subfield>
    <subfield code="d">2017-01-16</subfield>
    <subfield code="l">0</subfield>
    <subfield code="o">R050-S0916</subfield>
    <subfield code="r">2017-01-16 00:00:00</subfield>
    <subfield code="w">2017-01-16</subfield>
    <subfield code="y">CR</subfield>
    <subfield code="z">(data import: 16 gennaio 2017) - By Epidotti, Vaglietti. </subfield>
  </datafield>
</record>
